000 00433nam a2200181Ia 4500
001 22745
005 20260414150851.0
008 260414t2006||||xx |||||||||||||| ||spa||
041 _aESP
082 _a621.399
_bT46 2006
100 _aTheodoridis, Sergios
_eAUT
245 0 _aPattern recognition
_b
260 _c2006
300 _axvi, 837 páginas :
_c23 cm.
650 _aTCA
654 _aCET
942 _cLIB
_dJUS
_fJUS
_2ddc
_n
999 _c22745
_d22745